MARC details
| 000 -LEADER |
| fixed length control field |
01069nam a2200253Ia 4500 |
| 003 - CONTROL NUMBER IDENTIFIER |
| control field |
IN-BaIIA |
| 008 - FIXED-LENGTH DATA ELEMENTS--GENERAL INFORMATION |
| fixed length control field |
211028s9999 xx 000 0 eng d |
| 020 ## - INTERNATIONAL STANDARD BOOK NUMBER |
| International Standard Book Number |
0-7354-0273-6 |
| 040 ## - CATALOGING SOURCE |
| Transcribing agency |
IIA Library |
| 080 ## - UNIVERSAL DECIMAL CLASSIFICATION NUMBER |
| Universal Decimal Classification number |
524.338 |
| Item number |
MAG |
| 111 ## - MAIN ENTRY--MEETING NAME |
| Meeting name or jurisdiction name as entry element |
American Institute of Physics Conference |
| Location of meeting |
Brazil |
| Date of meeting or treaty signing |
2004 Nov. 28- Dec. 3 |
| 9 (RLIN) |
30110 |
| 245 #0 - TITLE STATEMENT |
| Title |
Magnetic fields in the universe-from laboratory and stars to primordial structures |
| Remainder of title |
AIP conference proceedings held in Angra dos Reis, Brazil, 28 Nov - 3 Dec 2004 |
| Statement of responsibility, etc. |
edited by Elisabete M. De Gouveia Dal Pino, German Lugones and Alexander Lazarian |
| 260 ## - PUBLICATION, DISTRIBUTION, ETC. |
| Place of publication, distribution, etc. |
New York |
| Name of publisher, distributor, etc. |
American Institute of Physics |
| Date of publication, distribution, etc. |
2005 |
| 300 ## - PHYSICAL DESCRIPTION |
| Extent |
xxii, 455p. |
| 490 ## - SERIES STATEMENT |
| Series statement |
AIP conference proceedings; v. 784 |
| 650 ## - SUBJECT ADDED ENTRY--TOPICAL TERM |
| Topical term or geographic name entry element |
Magnetic fields |
| 9 (RLIN) |
530 |
| 650 ## - SUBJECT ADDED ENTRY--TOPICAL TERM |
| Topical term or geographic name entry element |
Star formation |
| 650 ## - SUBJECT ADDED ENTRY--TOPICAL TERM |
| Topical term or geographic name entry element |
Universe |
| 9 (RLIN) |
1987 |
| 700 ## - ADDED ENTRY--PERSONAL NAME |
| Personal name |
De Gouveia Dal Pino, Elisabete M., ed. |
| 9 (RLIN) |
30111 |
| 700 ## - ADDED ENTRY--PERSONAL NAME |
| Personal name |
Lazarian, Alexander, ed. |
| 9 (RLIN) |
30112 |
| 700 ## - ADDED ENTRY--PERSONAL NAME |
| Personal name |
Lugones, German, ed. |
| 9 (RLIN) |
30113 |
| 710 ## - ADDED ENTRY--CORPORATE NAME |
| Corporate name or jurisdiction name as entry element |
American Institute of Physics |
| 9 (RLIN) |
2416 |
| 942 ## - ADDED ENTRY ELEMENTS (KOHA) |
| Koha item type |
Books |